Deutsche Songs nach ersten Zeilen - 2010er - Statistiken

Allgemein
  • Dieses Quiz wurde 1.272 mal gespielt
  • Das Durchschnittsergebnis liegt bei 7 aus 20
Antwortstatistiken
Textquiz Song % Korrekt
Ich heb ab / Nichts hält mich am Boden / Alles blass und grau / Bin zu lange nicht geflogen Astronaut
99%
Ich wart' seit Wochen / Auf diesen Tag / Und tanz' vor Freude / über den Asphalt Tage wie diese
75%
In diesem Haus, wo ich wohn / Ist alles so gewohnt / So zum Kotzen vertraut Au revoir
55%
30 Grad / Ich kühl' mein' Kopf / am Fensterglas / Such den Zeitlupenknopf Lila Wolken
53%
Manchmal fühl ich mich hier falsch / wie ein Segelschiff im All / Aber bist du mit mir an Bord / bin ich gerne durchgeknallt Lieblingsmensch
52%
Yeah, Baby nimm′ meine Hand / Ich hab alles schon gepackt / Komm wir beide gehen weg von hier Traum
48%
'Ne ganz normale 50 Stunden Woche / Heim kommen / Und erst mal für die Kleinen kochen Wenn sie tanzt
48%
Du führst ein Leben ohne Sorgen / 24 Stunden, 7 Tage nichts gefunden / Was du heute kannst besorgen / Das schiebst du ganz entspannt auf morgen Geiles Leben
47%
Weißt du noch, als wir am Meer war′n? / Baby, wie lang ist es schon her / als du meintest, du wirst immer bei mir bleiben? / Und das Meersalzhat so geglitzert auf der braunen Haut Vermissen
42%
Alle meine Freunde sagen: "Lass die Finger von ihr" / Denn ich bin kaum noch zu ertragen / Ich red immer von dir Ich will nur dass du weißt
31%
Hast mich lang nicht mehr so angesehen / Hab viel zu oft versucht uns zu verstehen / Die Augen treffen sich, der Wein ist schon halb leer Herz über Kopf
30%
Meine Mutter sagt / Junge, geh' ma' schlafen / Fahr mal in Urlaub! / Aber ich soll auf die Straße / Sagt Farin Urlaub Schüsse in die Luft
28%
Da wo sie scheitern, musst du angreifen / In einen höheren Gang schalten / Und auch wenn der Rest dann aufgibt, heißt es festbeißen Erfolg ist kein Glück
21%
Was für eine Nacht / Bin mit 'nem Schädel aufgewacht / Gieß den Kaffee wie in Zeitlupe ins Glas Musik sein
21%
Ich bin mitten drin und geb mich allem hin / Aber schaut man hinter die Kulissen / Dann fängt es immer so an / Ich schlafe immer zu lang / Krieg′s nicht hin und fühl mich deshalb beschissen Wovon sollen wir träumen
16%
Du / Hast viel geweint / Im Geist getrennt / Im Herz vereint Deutschland
15%
Bist du der, der sich nach vorne setzt? / Den man beim Sport zu letzt wählt? / Sich quält / Zwischen Cheerleadern und Quarterbacks? So perfekt
11%
Ich wusste nicht was mir gefehlt hat / Bis du alles verdreht hast / Machst die schönsten kleinen Fehler / Bist irgendwie anders Immer wenn wir uns sehen
10%
Ich bau eine Mauer und sprenge die Brücken / Lass systematisch jeden Gedanken an dich unterdrücken / Die Fotos verbrenn'n und die Lieder zensieren / Komme, was wolle, ich darf die Kontrolle nie wieder verlieren Meine Soldaten
8%
Wieder mal bist du da / Und alles dreht sich nur um dich / Wie ein Magnet ziehst du an / Und alle halten ihre Luft an Magisch
6%
Keine übereinstimmenden Quizze gefunden
Verteilung der Resultate
Anzahl Personen mit jedem Resultat
Perzentil nach korrekt beantworteten Fragen
Ihre Resultats-Entwicklung
Sie haben dieses Quiz noch nicht gespielt